000 00451nam a22001697a 4500
003 CEME
005 20210628205920.0
008 210208b xxu||||| |||| 00| 0 eng d
040 _c.
082 _a519.4 FAI
100 _aDr. Faiz Ahmad Muhammad Afzal Rana
_977458
245 _aElements of numerical anaylsis
260 _aRAWALPINDI
_bNATIONAL BOOK FOUNDATION
_c1995
300 _a296P
650 _aNUMERICAL ANAYLSIS
_977459
942 _cBK
_2ddc
999 _c582721
_d582721